| 000 | 00589nam a2200169 4500 | ||
|---|---|---|---|
| 001 | 148904 | ||
| 003 | ES-MaACL | ||
| 005 | 20230906202850.0 | ||
| 007 | t| | ||
| 008 | 070214s1909 fr r ||||1| fre d | ||
| 100 | 1 |
_aSully Prudhomme. _9108764 |
|
| 245 | 1 | 3 |
_aLe bien social / _cpar Sully Prudhomme ; publié d'aprés les manuscrits posthumes de l'auteur ; avec une préface et une introduction par Camile Hémon. |
| 260 |
_aParis : _bFélix Alcan, _c[1909] ( _eCorbeil : _fCrété) |
||
| 300 |
_aXIX, 230 p. ; _c22 cm. |
||
| 700 | 1 |
_aHémon, Camile. _962493 |
|
| 852 |
_aES-MaACL _jB-7037 |
||
| 999 |
_c148904 _d148904 |
||